00634 2200169 4500245012500000020002200125250001100147700001700158650002800175005001900203260003300222041001400255084001000269500014800279490002800427336000900455 aEnsiklopedia Matematika Volume 4 b : Sistem Koordinat, Sifat Sifat Bangun dan Hubungan AntarbanguncA. IsmunamtohText a978-602-9083-00-2 aCet. 2 aA. Ismunamto aEnsiklopedia Matematika a20231124102630 aJakartabLENTERA ABADIc2011 aIndonesia a510.3 aDaftar isi : Sistem kordinat (Membuat denah letak benda), Sifat-sifat bangun dan hubungan antar bangun, Perbandingan, Kesebangunan, Statistika. aEnsiklopedia Matematika atext